Geography Quiz

Random Geography or State Quiz
Score 0/16 Timer 04:00
1 Play Today
Letters State % Correct
NOREGOregon
91.7%
SNEETTennessee
72.3%
KRASSArkansas
65.5%
MOLAHOklahoma
61.5%
NILLSIllinois
57.8%
KABARNebraska
54.6%
CUTEYKentucky
43.2%
LEAPSPennsylvania
39.6%
Letters State % Correct
KRONENew York
36.4%
TONGAWashington
34.9%
SHEENNew Hampshire
34%
TRANDNorth Dakota
29.7%
CASTLSouth Carolina
25.4%
HINDSRhode Island
25.1%
MOTERVermont
24.7%
NEATRWest Virginia
8.2%
Remove Ads.
Support Sporcle.
Get the best of Sporcle when you Go Orange. This ad-free experience offers more features, more stats, and more fun while also helping to support Sporcle. Thank you for becoming a member.

You're not logged in!

Compare scores with friends on all Sporcle quizzes.
OR
Log In

Show Comments

Extras

Top Quizzes Today


Score Distribution

Your Account Isn't Verified!

In order to create a playlist on Sporcle, you need to verify the email address you used during registration. Go to your Sporcle Settings to finish the process.

Report this User

Report this user for behavior that violates our Community Guidelines.

Details: